Les surnoms des joueurs de foot célèbres - Statistiques

Statistiques générales
  • Ce quiz a été pris 397 fois
  • Le résultat moyen est 3 sur 13
Statistiques - réponses
Joueur Surnom % Correct
Luis Suarez El Pistolero
69%
Edison Cavani El Matador
68%
Antoine Griezmann Grizou
44%
André Pierre Gignac Dédé / BigMac
40%
Mathieu Valbuena Petit Vélo
38%
Eric Cantona The King
31%
Carlos Tévez L'Apache
18%
Franck Ribéry Scarface
11%
Wayne Rooney Shrek
9%
Didier Deschamps La Desch
7%
Zlatan Ibrahimovic Ibracadabra
5%
Thierry Henry L'Anaconda
4%
Raymond Kopa Napoléon
1%
Aucun quiz correspondant
Distribution des résultats
% des personnes avec chaque résultat
Percentile par nombre de réponses
Votre historique - résultats
Vous n’avez pas pris ce quiz